<?xml version="1.0" encoding="UTF-8"?>
<record
    xmlns:xsi="http://www.w3.org/2001/XMLSchema-instance"
    xsi:schemaLocation="http://www.loc.gov/MARC21/slim http://www.loc.gov/standards/marcxml/schema/MARC21slim.xsd"
    xmlns="http://www.loc.gov/MARC21/slim">

  <leader>02102nam a2200217uu 4500</leader>
  <datafield tag="999" ind1=" " ind2=" ">
    <subfield code="c">8844</subfield>
    <subfield code="d">8844</subfield>
  </datafield>
  <controlfield tag="001">WIIW0000182</controlfield>
  <controlfield tag="003">OSt</controlfield>
  <controlfield tag="005">20190820113536.0</controlfield>
  <controlfield tag="008">190820t2019       |||||||||| ||| ||ger d</controlfield>
  <datafield tag="040" ind1=" " ind2=" ">
    <subfield code="c">OSt</subfield>
  </datafield>
  <datafield tag="041" ind1=" " ind2=" ">
    <subfield code="a">ger</subfield>
  </datafield>
  <datafield tag="100" ind1=" " ind2=" ">
    <subfield code="a">Dieter, Heribert</subfield>
  </datafield>
  <datafield tag="245" ind1="1" ind2=" ">
    <subfield code="a">Chinas Verschuldung und seine Au&#xDF;enwirtschaftsbeziehungen.</subfield>
    <subfield code="b">Peking exportiert ein gef&#xE4;hrliches Modell</subfield>
  </datafield>
  <datafield tag="260" ind1=" " ind2=" ">
    <subfield code="a">Berlin : </subfield>
    <subfield code="b">SWP Stiftung Wissenschaft und Politik,</subfield>
    <subfield code="c">August 2019</subfield>
  </datafield>
  <datafield tag="300" ind1=" " ind2=" ">
    <subfield code="a">31 S.</subfield>
  </datafield>
  <datafield tag="490" ind1=" " ind2=" ">
    <subfield code="a">SWP-Studie</subfield>
    <subfield code="v">2019/18</subfield>
    <subfield code="x">1611-6372</subfield>
  </datafield>
  <datafield tag="500" ind1=" " ind2=" ">
    <subfield code="a">Das Wachstum der chinesischen Wirtschaft wurde seit 2008 durch immer h&#xF6;here Schulden finanziert. Die Gesamtverschuldung des Landes stieg in dieser Zeit um gut 100 Prozent seiner Wirtschaftsleistung.
Die zunehmende Schuldenlast bedroht die Stabilit&#xE4;t der chinesischen Wirtschaft. Eine Finanzkrise in China wiederum h&#xE4;tte gravierende Folgen f&#xFC;r die Weltwirtschaft.
Der chinesische Staat reagiert auf das zunehmende Misstrauen der eigenen B&#xFC;rger durch scharfe Beschr&#xE4;nkungen des Kapitalexports.
Peking muss sich zwischen einer Stabilisierung der chinesischen Finanz&#xAD;m&#xE4;rkte und der F&#xF6;rderung des Wirtschaftswachstums entscheiden. Beide Ziele werden sich nicht gleichzeitig erreichen lassen.
Die Kommunistische Partei Chinas versucht angesichts stagnierender Binnennachfrage, das bisherige Wirtschaftsmodell des Landes, das auf immer h&#xF6;herer Verschuldung basiert, zu exportieren. Das Instrument hierzu ist die Belt-and-Road-Initiative (BRI), auch als &#xBB;Neue Seidenstra&#xDF;e&#xAB; bezeichnet.
Einige Nehmerl&#xE4;nder geraten in eine gef&#xE4;hrliche &#xDC;berschuldungslage, wenn sie Infrastrukturprojekte im Rahmen der BRI finanzieren.
Europ&#xE4;ische L&#xE4;nder sollten auf Chinas Strategien reagieren und eine eigene Infrastruktur-Initiative insbesondere f&#xFC;r asiatische Entwicklungs- und Schwellenl&#xE4;nder starten. Deutschland k&#xF6;nnte ein solches Projekt finanzieren, das zun&#xE4;chst ein Volumen von etwa 300 Milliarden Euro haben sollte.</subfield>
  </datafield>
  <datafield tag="651" ind1=" " ind2=" ">
    <subfield code="a">China</subfield>
  </datafield>
  <datafield tag="856" ind1="4" ind2="2">
    <subfield code="u">https://www.swp-berlin.org/fileadmin/contents/products/studien/2019S18_dtr_Website.pdf</subfield>
  </datafield>
  <datafield tag="942" ind1=" " ind2=" ">
    <subfield code="c">P</subfield>
  </datafield>
  <datafield tag="952" ind1=" " ind2=" ">
    <subfield code="0">0</subfield>
    <subfield code="1">0</subfield>
    <subfield code="4">0</subfield>
    <subfield code="7">0</subfield>
    <subfield code="a">BIB</subfield>
    <subfield code="b">BIB</subfield>
    <subfield code="c">1</subfield>
    <subfield code="d">2019-08-20</subfield>
    <subfield code="l">0</subfield>
    <subfield code="p">2000000007175</subfield>
    <subfield code="r">2019-08-20 00:00:00</subfield>
    <subfield code="w">2019-08-20</subfield>
    <subfield code="y">P</subfield>
  </datafield>
</record>
